00557nam a2200193 a 4500001001300000003000900013005001700022008004100039020001000080082002000090100003900110245004900149260005200198300000900250500003500259505000900294650002100303700003900324nice12345678IN_TiNIC20260116012150.0050524s1906 lona grp 000 0 urd  ac10000a220.591439bBRI aBritish And Foreign, Bible Society aInjil-E-muqaddas (naya Ahad Nama) Roman Urdu aLondonbBritish and Foreign Bible Societyc1906 a373p aincludes index and biblioraphy2 aMaps aBible-Urdu-Roman1 aBritish And Foreign, Bible Society